00525nam a2200193Ii 450000100060000000300090000600800410001502000180005604000330007404100080010708400130011510000180012824500450014626400470019130000120023833600260025033700280027633800270030420378CO-ViMGA241108s9999||||xx |||||||||||||| ||und|| a9788426141071 aCO-ViMGAbspaerdacCO-ViMGA0 aspa aC WOR1pe1 aChris Wormell10aPequeño oso y los seis ratones blancos 1aBeijing, China : Editorial Juventud, 2014 avolumen atextbtxt2rdacontent aunmediatedbn2rdamedia avolumebnc2rdacarrier